| 000 | 00000nam##2200000za#4500 |
| 001 | 9.687756 |
| 003 | CaOODSP |
| 005 | 20210624231123 |
| 007 | cr ||||||||||| |
| 008 | 150407|2005||||xxc|||||o f|0| 0 eng|d |
| 020 | |a0-662-41437-3 |
| 040 | |aCaOODSP|beng |
| 043 | |an-cn--- |
| 086 | 1 |aPH4-27/2005E-PDF |
| 110 | 1 |aCanada.|bPolicy Research Initiative. |
| 245 | 10|aMeasurement of social capital : |h[electronic resource]|breference document for public policy research, development and evaluation / |c[by] Sandra Franke. |
| 260 | |aOttawa - Ontario : |bPolicy Research Initiative |c2005. |
| 300 | |a78p.|breferences, tables |
| 500 | |a"PRI Project - Social capital as a public policy tool". |
| 520 | 3 |aThis report provides an analysis of efforts to measure social capital and concludes with key recommendations for future measurement efforts in a public policy context. |
| 590 | |a05-42|b2005-10-21 |
| 690 | 07|aSocial equity|2gcpds |
| 720 | 1 |aFranke, Sandra |
| 775 | 08|tLa mesure du capital social : |w(CaOODSP)9.632199 |
| 776 | 0#|tMeasurement of social capital : |w(CaOODSP)9.666815 |
| 776 | 0#|tLa mesure du capital social : |w(CaOODSP)9.666816 |
| 856 | 40|ahttp://publications.gc.ca|qPDF|s3149 KB|uhttps://publications.gc.ca/collections/Collection/PH4-27-2005E.pdf |